[Event "Amapa-ch 14th"]
[Site "Macapa"]
[Date "2019.12.28"]
[Round "7"]
[White "De Souza Monteiro, Marcos Paulo"]
[Black "Del Aguila, Victor Montero"]
[Result "1/2-1/2"]
[WhiteElo "1966"]
[BlackElo "1752"]
[PlyCount "100"]
[EventDate "2019.12.20"]
[EventType "tourn"]
[EventRounds "10"]
[EventCountry "BRA"]
[SourceTitle "EXT 2021"]
[Source "ChessBase"]
[SourceDate "2020.10.23"]
[SourceVersion "1"]
[SourceVersionDate "2020.10.23"]
[SourceQuality "1"]

1. d4 Nf6 2. c4 e6 3. Nf3 d5 4. cxd5 exd5 5. Nc3 c6 6. Bg5 Be7 7. Qc2 g6 8. e3 Bf5 9. Bd3 Bxd3 10. Qxd3 0-0 11. 0-0 Re8 12. Rab1 Nbd7 13. b4 Ne4 14. Bxe7 Rxe7 15. Rfc1 Nb6 16. Ne5 f6 17. Nxe4 dxe4 18. Qb3+ Qd5 19. Nc4 Rd8 20. g3 Kg7 21. Nxb6 axb6 22. b5 c5 23. dxc5 bxc5 24. Qxd5 Rxd5 25. b6 Re8 26. a4 Ra8 27. Rc4 f5 28. Rb5 Rd1+ 29. Kg2 Ra1 30. Rbxc5 R8xa4 31. Rxa4 Rxa4 32. Rc7+ Kh6 33. Rxb7 Rb4 34. Kf1 Rb2 35. Ke1 Kg5 36. h3 h6 37. Rb8 Kf6 38. b7 Kg5 39. Kd1 Rb6 40. Kc2 Rb5 41. Kc3 Rb6 42. Kc4 Rb2 43. Kd5 h5 44. Ke6 Rb6+ 45. Kf7 Rb3 46. h4+ Kg4 47. Kg7 Rb6 48. Rf8 Rxb7+ 49. Kxg6 Rb6+ 50. Kf7 Rb5 1/2-1/2

[Event "Amapa-ch 14th"]
[Site "Macapa"]
[Date "2019.12.21"]
[Round "2"]
[White "Del Aguila, Victor Montero"]
[Black "De Souza Monteiro, Marcos Paulo"]
[Result "1-0"]
[WhiteElo "1752"]
[BlackElo "1966"]
[PlyCount "105"]
[EventDate "2019.12.20"]
[EventType "tourn"]
[EventRounds "10"]
[EventCountry "BRA"]
[SourceTitle "EXT 2021"]
[Source "ChessBase"]
[SourceDate "2020.10.23"]
[SourceVersion "1"]
[SourceVersionDate "2020.10.23"]
[SourceQuality "1"]

1. d4 Nf6 2. c4 c5 3. d5 b5 4. cxb5 a6 5. bxa6 Bxa6 6. g3 d6 7. Bg2 g6 8. Nf3 Bg7 9. 0-0 0-0 10. Nc3 Nbd7 11. Re1 Qc7 12. h3 Nb6 13. e4 Nfd7 14. Qc2 Nc4 15. b3 Nce5 16. Bd2 Rfc8 17. Nxe5 Nxe5 18. Re3 c4 19. b4 Nd3 20. Rb1 Bd4 21. Re2 Rcb8 22. b5 Bxc3 23. Qxc3 Bxb5 24. Bh6 f6 25. Rd2 Qa5 26. Qxa5 Rxa5 27. Bf1 Ne5 28. Rdb2 g5 29. a4 Rxa4 30. Rxb5 Rxb5 31. Rxb5 Nf3+ 32. Kg2 Ne1+ 33. Kh1 Ra1 34. Rb8+ Kf7 35. Bxc4 Kg6 36. Bf8 g4 37. hxg4 Kg5 38. Be2 Nf3+ 39. Kg2 Ne1+ 40. Kh3 Ra2 41. f4+ Kg6 42. Bf1 Rf2 43. Bb5 h6 44. Be8+ Kh7 45. Bxe7 Rf1 46. g5 Nd3 47. Bxf6 hxg5 48. Rb7+ Kg8 49. Bxg5 Rg1 50. Kg4 Nf2+ 51. Kf3 Nxe4 52. Bf7+ Kh8 53. Kxe4 1-0

[Event "Macapa Platon Memorial"]
[Site "Macapa"]
[Date "2019.11.15"]
[Round "2"]
[White "Del Aguila, Victor Montero"]
[Black "Uchoa, Iranilson Pinheiro"]
[Result "0-1"]
[WhiteElo "1759"]
[BlackElo "1808"]
[PlyCount "49"]
[EventDate "2019.11.15"]
[EventType "swiss"]
[EventRounds "5"]
[EventCountry "BRA"]
[SourceTitle "EXT 2021"]
[Source "ChessBase"]
[SourceDate "2020.10.23"]
[SourceVersion "1"]
[SourceVersionDate "2020.10.23"]
[SourceQuality "1"]

1. d4 d5 2. c4 Nf6 3. Nf3 c6 4. cxd5 Qxd5 5. Nc3 Qa5 6. Bd2 Bg4 7. Ne5 Nbd7 8. Nxg4 Nxg4 9. e4 Ngf6 10. Bc4 e6 11. e5 Ng8 12. Nb5 Qb6 13. Nd6+ Bxd6 14. exd6 Qxd4 15. Qb3 Nc5 16. Qc3 Qxc3 17. Bxc3 Nf6 18. f3 0-0 19. 0-0-0 Rad8 20. g4 Rd7 21. h4 Nd5 22. Bd4 b6 23. Bxc5 bxc5 24. Rd3 Rxd6 25. Ra3 0-1

[Event "Macapa Franco Memorial 7th"]
[Site "Macapa"]
[Date "2019.09.14"]
[Round "3"]
[White "Braz De Araujo, Daniel"]
[Black "Del Aguila, Victor Montero"]
[Result "0-1"]
[WhiteElo "1486"]
[BlackElo "1747"]
[PlyCount "74"]
[EventDate "2019.09.13"]
[EventType "swiss"]
[EventRounds "6"]
[EventCountry "BRA"]
[SourceTitle "EXT 2020"]
[Source "ChessBase"]
[SourceDate "2019.10.17"]
[SourceVersion "1"]
[SourceVersionDate "2019.10.17"]
[SourceQuality "1"]

1. d4 Nf6 2. Nf3 e6 3. Bf4 c5 4. e3 Qb6 5. Qc1 Nc6 6. c3 d5 7. Nbd2 a5 8. Ne5 a4 9. a3 Nh5 10. Bg3 f6 11. Nxc6 bxc6 12. Bd3 Ba6 13. Bxa6 Rxa6 14. Rb1 c4 15. e4 Nxg3 16. hxg3 e5 17. exd5 cxd5 18. Nf3 e4 19. Nh2 Bd6 20. Ng4 Qb8 21. Ne3 Ra5 22. Nf5 0-0 23. Qd1 Rf7 24. Qg4 Rfa7 25. Qh3 g6 26. Qg4 Bxa3 27. Nh6+ Kh8 28. Qe6 Be7 29. Nf7+ Kg7 30. Nh6 Qf8 31. Qg4 Kh8 32. Qh3 Bd8 33. Kd2 f5 34. Kc2 Bf6 35. f3 Qb8 36. g4 Qb3+ 37. Kd2 Bg5+ 0-1

[Event "Macapa IFAP op 3rd"]
[Site "Macapa"]
[Date "2019.08.03"]
[Round "2"]
[White "De Souza Monteiro, Marcos Paulo"]
[Black "Del Aguila, Victor Montero"]
[Result "1/2-1/2"]
[WhiteElo "1934"]
[BlackElo "1734"]
[PlyCount "38"]
[EventDate "2019.08.02"]
[EventType "swiss"]
[EventRounds "5"]
[EventCountry "BRA"]
[SourceTitle "EXT 2020"]
[Source "ChessBase"]
[SourceDate "2019.10.17"]
[SourceVersion "1"]
[SourceVersionDate "2019.10.17"]
[SourceQuality "1"]

1. d4 Nf6 2. c4 e6 3. Nf3 b6 4. a3 Ba6 5. Qc2 d5 6. b3 c5 7. e3 Nbd7 8. Bd3 Bb7 9. Bb2 Be7 10. 0-0 Rc8 11. Qe2 0-0 12. Nc3 Bd6 13. Rad1 Re8 14. Bb1 Bb8 15. e4 cxd4 16. Nxd4 Qc7 17. Nf3 Qf4 18. e5 Nxe5 19. Nxe5 Qxe5 1/2-1/2

[Event "Amapa-ch 12th"]
[Site "Macapa"]
[Date "2017.12.30"]
[Round "10.1"]
[White "Teles, Elder De Oliveira"]
[Black "Del Aguila, Victor Montero"]
[Result "1-0"]
[WhiteElo "1859"]
[BlackElo "1905"]
[PlyCount "89"]
[EventDate "2017.12.22"]
[EventType "tourn"]
[EventRounds "10"]
[EventCountry "BRA"]
[SourceTitle "EXT 2022"]
[Source "ChessBase"]
[SourceDate "2021.10.06"]
[SourceVersion "1"]
[SourceVersionDate "2021.10.06"]
[SourceQuality "1"]

1. d4 c6 2. Nf3 d5 3. Bg5 h6 4. Bh4 Qb6 5. b3 Bf5 6. e3 e6 7. Bd3 Be4 8. 0-0 Nd7 9. Nc3 Ngf6 10. Ne5 g5 11. Nxd7 Kxd7 12. Bg3 Qa5 13. Nxe4 Nxe4 14. Bxe4 dxe4 15. c4 Rd8 16. f3 exf3 17. Qxf3 f5 18. d5 Bd6 19. dxe6+ Kxe6 20. Be1 Qe5 21. Bg3 Qe4 22. Qh5 Bxg3 23. Qg6+ Kd7 24. hxg3 Qxe3+ 25. Kh2 Kc7 26. Rxf5 Rhe8 27. Rf7+ Rd7 28. Raf1 Ree7 29. Rxe7 Rxe7 30. Rf7 Rxf7 31. Qxf7+ Kb6 32. b4 Qd4 33. c5+ Ka6 34. Qb3 b5 35. cxb6 axb6 36. a4 c5 37. bxc5 Qxc5 38. Qe6 Ka5 39. Qe4 h5 40. Kh3 Qa3 41. Qa8+ Kb4 42. Qa6 Qe3 43. Qb5+ Ka3 44. Kh2 g4 45. a5 1-0

[Event "Amapa-ch 12th"]
[Site "Macapa"]
[Date "2017.12.26"]
[Round "6.3"]
[White "De Vjunior, Liduino Furtado"]
[Black "Del Aguila, Victor Montero"]
[Result "1-0"]
[WhiteElo "2045"]
[BlackElo "1905"]
[PlyCount "57"]
[EventDate "2017.12.22"]
[EventType "tourn"]
[EventRounds "10"]
[EventCountry "BRA"]
[SourceTitle "EXT 2022"]
[Source "ChessBase"]
[SourceDate "2021.10.06"]
[SourceVersion "1"]
[SourceVersionDate "2021.10.06"]
[SourceQuality "1"]

1. e4 c5 2. Nf3 Nc6 3. c3 Nf6 4. e5 Nd5 5. Bc4 Nb6 6. Bb3 c4 7. Bc2 Qc7 8. Qe2 d6 9. exd6 Qxd6 10. h3 e5 11. b3 Be6 12. Ba3 Qc7 13. Bxf8 Rxf8 14. Na3 0-0-0 15. 0-0 f5 16. Nxc4 e4 17. Nxb6+ Qxb6 18. d4 Rf6 19. Nd2 Qc7 20. b4 Qf4 21. Bb3 Bd7 22. Nc4 Rg6 23. b5 Qg5 24. f4 exf3 25. Qxf3 Re8 26. bxc6 Bxc6 27. d5 Bd7 28. Rae1 Rd8 29. Ne5 1-0

[Event "Amapa-ch 12th"]
[Site "Macapa"]
[Date "2017.12.23"]
[Round "5.1"]
[White "Del Aguila, Victor Montero"]
[Black "Teles, Elder De Oliveira"]
[Result "0-1"]
[WhiteElo "1947"]
[BlackElo "1891"]
[PlyCount "74"]
[EventDate "2017.12.22"]
[EventType "tourn"]
[EventRounds "10"]
[EventCountry "BRA"]
[SourceTitle "EXT 2022"]
[Source "ChessBase"]
[SourceDate "2021.10.06"]
[SourceVersion "1"]
[SourceVersionDate "2021.10.06"]
[SourceQuality "1"]

1. d4 g6 2. e4 Bg7 3. c4 d6 4. Nc3 Nc6 5. d5 Ne5 6. f4 Nd7 7. Nf3 Ngf6 8. Be2 a6 9. a4 h6 10. e5 dxe5 11. fxe5 Ng4 12. e6 fxe6 13. Qc2 Nde5 14. Nh4 0-0 15. h3 g5 16. hxg4 gxh4 17. g5 hxg5 18. Bxg5 exd5 19. Rxh4 Bf5 20. Qb3 Qd6 21. 0-0-0 Qg6 22. Be3 Nxc4 23. Bxc4 dxc4 24. Qxc4+ Be6 25. Qe4 Bf5 26. Qc4+ Rf7 27. g4 Be6 28. Qe4 Qxe4 29. Nxe4 c6 30. Ng5 Rf6 31. Bd4 Rg6 32. Nxe6 Rxe6 33. Bxg7 Kxg7 34. Rdh1 Re2 35. g5 Kg6 36. Rg1 Rf8 37. Rh6+ Kg7 0-1

[Event "Amapa-ch 12th"]
[Site "Macapa"]
[Date "2017.12.22"]
[Round "4.3"]
[White "Miranda, Luiz Paula"]
[Black "Del Aguila, Victor Montero"]
[Result "1-0"]
[WhiteElo "2009"]
[BlackElo "1947"]
[PlyCount "183"]
[EventDate "2017.12.22"]
[EventType "tourn"]
[EventRounds "10"]
[EventCountry "BRA"]
[SourceTitle "EXT 2022"]
[Source "ChessBase"]
[SourceDate "2021.10.06"]
[SourceVersion "1"]
[SourceVersionDate "2021.10.06"]
[SourceQuality "1"]

1. d4 g6 2. c4 d5 3. Nf3 c6 4. Qb3 dxc4 5. Qxc4 Be6 6. Qb4 Qb6 7. Qxb6 axb6 8. e4 Rxa2 9. Rxa2 Bxa2 10. Nc3 Bb3 11. Bf4 Nd7 12. Nd2 Bc2 13. f3 Bh6 14. Bxh6 Nxh6 15. g4 e5 16. d5 f6 17. Nc4 Nf7 18. Kd2 Bb3 19. Ne3 Nd6 20. Bd3 Nc5 21. Ra1 Kd7 22. Ra7 h5 23. Be2 hxg4 24. Nxg4 Rf8 25. Ke3 Nc4+ 26. Bxc4 Bxc4 27. b4 Na6 28. Rxb7+ Kd6 29. Rxb6 Nb8 30. dxc6 Kc7 31. Rb7+ Kxc6 32. Rg7 g5 33. Rg6 Nd7 34. Kf2 Kd6 35. Ne3 Bb3 36. Nf5+ Ke6 37. Nb5 Kf7 38. Rh6 Ke8 39. h4 gxh4 40. Rxh4 Kd8 41. Rh1 Kc8 42. Nfd6+ Kb8 43. Rh7 Rd8 44. Re7 Ba4 45. Nc3 Bb3 46. Re8 Rxe8 47. Nxe8 Kb7 48. Kg3 Kc6 49. Ng7 Bc2 50. Kg4 Bd3 51. Kf5 Bf1 52. Kg4 Kd6 53. Nf5+ Ke6 54. Ne3 Bd3 55. Na4 Be2 56. Nc5+ Nxc5 57. bxc5 Bb5 58. Nd5 Bc6 59. Ne3 Bb5 60. Kg3 Bc6 61. Kf2 Bb5 62. Ke1 Bd7 63. Kd2 Bb5 64. Nd5 Bc6 65. Nc3 f5 66. Kd3 f4 67. Kc4 Be8 68. Nb1 Ba4 69. Kb4 Bd1 70. Nd2 Be2 71. Ka5 Kd7 72. Kb6 Bd1 73. Nc4 Kc8 74. Nxe5 Kb8 75. Kc6 Kc8 76. Kd6 Be2 77. Ke6 Kc7 78. Kf5 Kc8 79. Kxf4 Kd8 80. Kg5 Bf1 81. Kf5 Bg2 82. f4 Kc7 83. Nc4 Kc6 84. Ne3 Bh1 85. e5 Kxc5 86. e6 Kd6 87. Kf6 Bc6 88. f5 Be8 89. Nc4+ Kd5 90. Ke7 Bh5 91. Nb6+ Ke4 92. f6 1-0

[Event "Amapa-ch 12th"]
[Site "Macapa"]
[Date "2017.12.21"]
[Round "3.2"]
[White "Del Aguila, Victor Montero"]
[Black "De Souza Monteiro, Marcos Paulo"]
[Result "0-1"]
[WhiteElo "1947"]
[BlackElo "2025"]
[PlyCount "56"]
[EventDate "2017.12.22"]
[EventType "tourn"]
[EventRounds "10"]
[EventCountry "BRA"]
[SourceTitle "EXT 2022"]
[Source "ChessBase"]
[SourceDate "2021.10.06"]
[SourceVersion "1"]
[SourceVersionDate "2021.10.06"]
[SourceQuality "1"]

1. d4 d5 2. c4 c6 3. Nc3 Nf6 4. Nf3 e6 5. Bg5 Be7 6. e3 0-0 7. Bd3 Nbd7 8. Qc2 h6 9. h4 dxc4 10. Bxc4 b5 11. Bb3 Bb7 12. Rd1 Rc8 13. Ne5 Nd5 14. Nxd7 Qxd7 15. Ne4 hxg5 16. hxg5 g6 17. Nc5 Bxc5 18. dxc5 Qe7 19. f4 Kg7 20. Qe4 Rh8 21. Rxh8 Rxh8 22. Kf2 b4 23. Bc2 Rh5 24. Qe5+ f6 25. gxf6+ Qxf6 26. Qd6 Qxb2 27. Rd2 Qc3 28. Re2 Ba6 0-1

[Event "Belem op 2nd"]
[Site "Belem"]
[Date "2017.07.09"]
[Round "6"]
[White "Del Aguila, Victor Montero"]
[Black "Queiroz da Costa, Alan Patrick"]
[Result "0-1"]
[WhiteElo "1871"]
[BlackElo "1753"]
[PlyCount "53"]
[EventDate "2017.07.07"]
[EventType "swiss"]
[EventRounds "6"]
[EventCountry "BRA"]
[SourceTitle "EXT 2018"]
[Source "ChessBase"]
[SourceDate "2017.10.13"]
[SourceVersion "1"]
[SourceVersionDate "2017.10.13"]
[SourceQuality "1"]

1. e4 c5 2. Nf3 Nc6 3. d4 cxd4 4. Nxd4 g6 5. Nxc6 bxc6 6. Qd4 Nf6 7. e5 Nh5 8. e6 Bg7 9. exf7+ Kxf7 10. Bc4+ d5 11. Qd3 dxc4 12. Qf3+ Nf6 13. Nc3 Qd6 14. h3 Rf8 15. 0-0 Kg8 16. Bf4 e5 17. Bh2 Nd5 18. Qe2 Nxc3 19. bxc3 Be6 20. Rfe1 Rf5 21. f4 Qc5+ 22. Kh1 Bd5 23. Bg1 Qf8 24. fxe5 Rxe5 25. Qd2 Rd8 26. Bd4 Rxe1+ 27. Rxe1 0-1

[Event "Belem op 2nd"]
[Site "Belem"]
[Date "2017.07.08"]
[Round "3"]
[White "Rivera Fernandez, Fredy Alejandro"]
[Black "Del Aguila, Victor Montero"]
[Result "0-1"]
[WhiteElo "1530"]
[BlackElo "1871"]
[PlyCount "52"]
[EventDate "2017.07.07"]
[EventType "swiss"]
[EventRounds "6"]
[EventCountry "BRA"]
[SourceTitle "EXT 2018"]
[Source "ChessBase"]
[SourceDate "2017.10.13"]
[SourceVersion "1"]
[SourceVersionDate "2017.10.13"]
[SourceQuality "1"]

1. e4 c5 2. Nf3 d6 3. d4 cxd4 4. Nxd4 Nf6 5. Nc3 a6 6. Bc4 b5 7. Bb3 Bb7 8. f3 e6 9. Be3 Nbd7 10. Qd2 Nb6 11. Qd3 Rb8 12. Bxe6 fxe6 13. Nxe6 Qe7 14. Nxf8 Nc4 15. Nxh7 Rxh7 16. 0-0-0 Nxe3 17. Qxe3 b4 18. Ne2 Qc7 19. Qd4 Rc8 20. c3 bxc3 21. Nxc3 Rd8 22. Rhe1 Rh5 23. g4 Rc5 24. Rd3 Rd7 25. Kd2 Kf8 26. h3 a5 0-1